00699cam a2200229 a 4500001001300000003000400013005001700017008004100034010001700075035002000092040001300112050002700125100004300152245006100195246004200256250002300298260005500321300005100376500001100427546001400438999001700452sa 64004894 DLC20260227112028.0891226s1964 ii af 000 d hino  asa 64004894  a(OCoLC)20820161 aDLCcDLC00aPK2098.S2927bK35 19641 aŚarmā, Rājendra Kumāra,d1920-10aKālikha aura lālī /cRājendrakumāra Śarmā.1 iTitle on t.p. verso:aKalikh aur lali a1. saṃskaraṇa. aDillī :bĀtmārāma eṇḍa Saṃsa,c1964. a111 p., [2] leaves of plates :bill. ;c19 cm. aPlays. aIn Hindi. c58810d58810